[Event "25th Hoogeveen op"]
[Site "Hoogeveen NED"]
[Date "2022.10.20"]
[Round "7.3"]
[White "Moroni, Luca jr"]
[Black "Ashwath, R."]
[Result "1-0"]
[WhiteElo "2573"]
[BlackElo "2340"]
[EventDate "2022.10.15"]
[PlyCount "107"]

1.c4 e6 2.Nf3 d5 3.e3 Nf6 4.Nc3 a6 5.b3 b6 6.Bb2 Bb7 7.Qc2 c5 8.cxd5 exd5 
9.d4 Nbd7 10.Bd3 Bd6 11.O-O O-O 12.Rac1 Re8 13.Bf5 Rc8 14.Rfd1 c4 15.a4 g6
16.Bh3 Rc7 17.Nd2 Nb8 18.bxc4 dxc4 19.e4 Bf4 20.d5 Nbd7 21.Bxd7 Nxd7 22.
Ne2 Be5 23.Bd4 Bxd4 24.Nxd4 Ne5 25.N2f3 Nxf3+ 26.Nxf3 Rce7 27.Nd2 b5 28.
Qb2 Qa5 29.axb5 axb5 30.Qd4 Qd8 31.Ra1 Rd7 32.Nf1 Rd6 33.Ne3 Qb6 34.Rab1 
Qxd4 35.Rxd4 Ba6 36.f4 f6 37.Nd1 Rb6 38.Rb4 Reb8 39.Nc3 Bc8 40.Kf2 Bd7 41.
Ke3 Bc8 42.Kf2 Bd7 43.Ke3 Kf7 44.Rd2 Ra6 45.Kd4 Ra1 46.Rd1 Rxd1+ 47.Nxd1 
Ra8 48.Nc3 Ra3 49.e5 fxe5+ 50.fxe5 Ke7 51.Nxb5 Ra2 52.Nc3 Rxg2 53.Rb7 Kd8 
54.e6 1-0

[Event "25th Hoogeveen op"]
[Site "Hoogeveen NED"]
[Date "2022.10.20"]
[Round "7.4"]
[White "De Boer, Eelke"]
[Black "Ernst, Sipke"]
[Result "0-1"]
[WhiteElo "2295"]
[BlackElo "2532"]
[EventDate "2022.10.15"]
[PlyCount "78"]

1.e4 c5 2.Nf3 d6 3.d4 cxd4 4.Nxd4 Nf6 5.Nc3 Nc6 6.Bg5 e6 7.Qd2 a6 8.O-O-O 
Bd7 9.f3 Nxd4 10.Qxd4 Be7 11.Kb1 Qc7 12.Be3 O-O 13.g4 Rfc8 14.g5 Ne8 15.f4
b5 16.Qd2 b4 17.Ne2 a5 18.Nc1 Bc6 19.Bg2 Qb7 20.Qd4 Rcb8 21.Rhe1 Nc7 22.
Qd3 a4 23.Ne2 Nb5 24.Bd4 b3 25.cxb3 axb3 26.axb3 Rc8 27.b4 Qa6 28.Nc3 Qa1+
29.Kc2 Nxd4+ 30.Qxd4 Ba4+ 31.Kd3 Bxd1 32.Nxd1 e5 33.Qf2 Qb1+ 34.Ke3 Qc1+ 
35.Kd3 Qc4+ 36.Ke3 Qc1+ 37.Kd3 Ra1 38.Qd2 exf4 39.b3 Qxd2+ 0-1

[Event "25th Hoogeveen op"]
[Site "Hoogeveen NED"]
[Date "2022.10.20"]
[Round "7.6"]
[White "Weihrauch, Jakob"]
[Black "Fernandez, Daniel Howard"]
[Result "0-1"]
[WhiteElo "2075"]
[BlackElo "2476"]
[EventDate "2022.10.15"]
[PlyCount "48"]

1.e4 e6 2.d4 d5 3.exd5 exd5 4.Nf3 Bd6 5.c4 Nf6 6.Nc3 O-O 7.cxd5 Nbd7 8.Bg5
Nb6 9.Ne5 Be7 10.Bxf6 Bxf6 11.Qb3 a5 12.f4 a4 13.Qc2 a3 14.b3 c6 15.Bd3 g6
16.O-O Nxd5 17.Nxd5 Qxd5 18.Qf2 Rd8 19.Bc4 Qxd4 20.Bxf7+ Kg7 21.b4 Ra4 22.
Rab1 Bf5 23.Bb3 Bxb1 24.Bxa4 Bxa2 0-1

[Event "25th Hoogeveen op"]
[Site "Hoogeveen NED"]
[Date "2022.10.20"]
[Round "7.7"]
[White "Maatman, Nick"]
[Black "Cornelisse, John"]
[Result "1-0"]
[WhiteElo "2341"]
[BlackElo "2160"]
[EventDate "2022.10.15"]
[PlyCount "71"]

1.Nf3 d5 2.g3 Nf6 3.Bg2 e6 4.O-O Be7 5.c4 O-O 6.d4 dxc4 7.Qc2 b5 8.a4 b4 
9.Nfd2 Nd5 10.Nxc4 c5 11.dxc5 Ba6 12.Ne3 Nd7 13.Nxd5 exd5 14.c6 Rc8 15.Bf4
Nc5 16.Rd1 d4 17.Be5 Ne6 18.Qe4 Bf6 19.Nd2 Ng5 20.Bxf6 Qxf6 21.Qg4 Rfe8 
22.h4 Ne6 23.Rac1 Nd8 24.Ne4 Qe7 25.Rxd4 Nxc6 26.Rd7 Ne5 27.Rxc8 Nxg4 28.
Rxe7 Rxc8 29.Bf3 h5 30.Rxa7 Rc1+ 31.Kg2 Bc4 32.Rc7 Ne5 33.Rc8+ Kh7 34.Nd6 
b3 35.Nxc4 Nxc4 36.Rc6 1-0

[Event "25th Hoogeveen op"]
[Site "Hoogeveen NED"]
[Date "2022.10.20"]
[Round "7.8"]
[White "Elgersma, Onno"]
[Black "Ismail, Tamer"]
[Result "0-1"]
[WhiteElo "2309"]
[BlackElo "2018"]
[EventDate "2022.10.15"]
[PlyCount "134"]

1.d4 d5 2.Nf3 Nf6 3.e3 e6 4.c4 c6 5.Nbd2 Nbd7 6.Bd3 Bd6 7.b3 e5 8.cxd5 
cxd5 9.dxe5 Nxe5 10.Bb5+ Bd7 11.Bxd7+ Qxd7 12.O-O Nd3 13.Qe2 Nxc1 14.Raxc1
O-O 15.Rfd1 Rac8 16.Nd4 Ba3 17.Rxc8 Rxc8 18.h3 a6 19.Qf3 Bb2 20.Nf5 Qe6 
21.Nf1 g6 22.N5g3 Be5 23.Qe2 Ne4 24.Nxe4 dxe4 25.Qd2 b5 26.Qd5 Qxd5 27.
Rxd5 f6 28.g4 Rc2 29.a4 b4 30.Nd2 Rc1+ 31.Nf1 Rb1 32.Ra5 Rxb3 33.Nd2 Rd3 
34.Nc4 b3 35.Rxa6 b2 36.Nxb2 Bxb2 37.a5 Rd1+ 38.Kg2 Ra1 39.Ra8+ Kg7 40.a6 
Be5 41.f4 Ra2+ 42.Kf1 Bd6 43.a7 Bc5 44.Re8 Rxa7 45.Rxe4 Re7 46.Rxe7+ Bxe7 
47.Ke2 h6 48.Kf3 Bd6 49.Ke4 Kf7 50.Kd5 Ke7 51.Kd4 Ke6 52.Ke4 Bb4 53.Kd4 
Be1 54.Ke4 g5 55.Kd4 Bg3 56.Ke4 Be1 57.Kd4 Bd2 58.Ke4 Bc1 59.Kf3 Kd5 60.h4
Bb2 61.e4+ Ke6 62.e5 fxe5 63.fxg5 hxg5 64.hxg5 Bc1 65.g6 Kf6 66.Ke4 Bf4 
67.g5+ Kxg6 0-1

[Event "25th Hoogeveen op"]
[Site "Hoogeveen NED"]
[Date "2022.10.20"]
[Round "7.9"]
[White "Holinka, Henning"]
[Black "Asatryan, Sona"]
[Result "1-0"]
[WhiteElo "2245"]
[BlackElo "2088"]
[EventDate "2022.10.15"]
[PlyCount "47"]

1.e4 e5 2.Nf3 Nc6 3.Bc4 Bc5 4.c3 Nf6 5.d3 O-O 6.Nbd2 d6 7.a4 a5 8.O-O Ba7 
9.Re1 Ne7 10.Nf1 Ng6 11.Ng3 Ng4 12.d4 Nh4 13.h3 Nxf3+ 14.Qxf3 Nf6 15.dxe5 
dxe5 16.Nf5 Kh8 17.Rd1 Nd7 18.Qg3 Qf6 19.Bg5 Qc6 20.Bh6 g6 21.Bg7+ Kg8 22.
Ne7+ Kxg7 23.Nxc6 bxc6 24.Kh1 1-0

[Event "25th Hoogeveen op"]
[Site "Hoogeveen NED"]
[Date "2022.10.20"]
[Round "7.10"]
[White "Mueer, Sebastian"]
[Black "Clemens, Adrian"]
[Result "0-1"]
[WhiteElo "2177"]
[BlackElo "2082"]
[EventDate "2022.10.15"]
[PlyCount "44"]

1.e4 c5 2.Nf3 d6 3.d4 cxd4 4.Nxd4 Nf6 5.Nc3 a6 6.h4 e5 7.Nb3 Be6 8.f4 exf4
9.Bxf4 Nc6 10.Qd2 Be7 11.O-O-O Qb6 12.Nd5 Bxd5 13.exd5 Ne5 14.Bxe5 dxe5 
15.d6 Rd8 16.Qg5 Rxd6 17.Qxe5 Rxd1+ 18.Kxd1 Ng4 19.Qb8+ Bd8 20.Kc1 O-O 21.
Qg3 Nf2 22.Rg1 Ne4 0-1

[Event "25th Hoogeveen op"]
[Site "Hoogeveen NED"]
[Date "2022.10.20"]
[Round "7.11"]
[White "Mensing, Adrian"]
[Black "Vogel, Jaap"]
[Result "0-1"]
[WhiteElo "2000"]
[BlackElo "2124"]
[EventDate "2022.10.15"]
[PlyCount "78"]

1.d4 d5 2.c4 c6 3.Nf3 Nf6 4.g3 Bf5 5.Nc3 e6 6.Qb3 Qb6 7.c5 Qc7 8.Nh4 Bg6 
9.Bf4 Qc8 10.Nxg6 hxg6 11.Qc2 Nbd7 12.b4 Be7 13.h4 Nh5 14.Bg5 Nhf6 15.Bg2 
a5 16.bxa5 Rxa5 17.Rb1 e5 18.e3 Qa8 19.O-O Ra3 20.Rb2 Qa5 21.Nb1 Ra4 22.
Rd1 O-O 23.Rxb7 Rxa2 24.Qb3 Re8 25.Bh3 exd4 26.Bxd7 Nxd7 27.Rxd7 Bxg5 28.
hxg5 dxe3 29.fxe3 Re2 30.Rf1 R2xe3 31.Qb6 Qa4 32.Kh2 Qg4 33.Qc7 Re2+ 34.
Kg1 Qe4 35.Rf2 Re1+ 36.Rf1 Rxf1+ 37.Kxf1 Qf3+ 38.Kg1 Re1+ 39.Kh2 Rh1# 0-1

[Event "25th Hoogeveen op"]
[Site "Hoogeveen NED"]
[Date "2022.10.20"]
[Round "7.12"]
[White "Goeke, Bernd"]
[Black "Hummel, Paul"]
[Result "1/2-1/2"]
[WhiteElo "1957"]
[BlackElo "2120"]
[EventDate "2022.10.15"]
[PlyCount "113"]

1.Nf3 c5 2.c4 Nc6 3.d4 cxd4 4.Nxd4 e6 5.g3 Bb4+ 6.Bd2 Qb6 7.Nb3 Ne5 8.Bxb4
Qxb4+ 9.Qd2 Qxc4 10.Bg2 d5 11.Na3 Qc7 12.Rc1 Nc6 13.Nb5 Qb8 14.Qg5 g6 15.
e4 Nge7 16.exd5 exd5 17.O-O O-O 18.Rfe1 Be6 19.N3d4 Nxd4 20.Nxd4 Qd6 21.
Qf6 Rad8 22.Nxe6 fxe6 23.Qxe6+ Qxe6 24.Rxe6 Nc6 25.Rd1 Rf5 26.Bh3 Rh5 27.
Bg4 Rg5 28.h3 Kf7 29.Re2 Re5 30.Red2 h5 31.Bf3 Ne7 32.Bg2 g5 33.f4 gxf4 
34.gxf4 Rf5 35.Rd4 Ke6 36.h4 Kd6 37.Bh3 Rf6 38.Bg2 Kc7 39.Bf3 Rf5 40.Kf2 
Rd6 41.Rg1 Nc6 42.Rg7+ Kb6 43.Rd3 Rxf4 44.Kg3 Rb4 45.Rxd5 Rxd5 46.Bxd5 
Rxb2 47.Rh7 Rd2 48.Rxh5 a5 49.Bc4 Rd4 50.Rb5+ Kc7 51.Bd5 b6 52.Bxc6 Kxc6 
53.Rb2 Rd3+ 54.Kg4 Rd4+ 55.Kg5 Rd5+ 56.Kg6 Rd6+ 57.Kg5 1/2-1/2

[Event "25th Hoogeveen op"]
[Site "Hoogeveen NED"]
[Date "2022.10.20"]
[Round "7.13"]
[White "De Winter, Arthur"]
[Black "Labruyere, Roger"]
[Result "1-0"]
[WhiteElo "2390"]
[BlackElo "2063"]
[EventDate "2022.10.15"]
[PlyCount "129"]

1.e4 c5 2.Nf3 d6 3.d4 cxd4 4.Nxd4 Nf6 5.Nc3 a6 6.Bg5 e6 7.f4 h6 8.Bh4 Qb6 
9.a3 Nbd7 10.Bf2 Qc7 11.Qf3 b5 12.O-O-O Bb7 13.g4 Rc8 14.Qe2 Nc5 15.Bg2 
Be7 16.h4 Nfd7 17.g5 Nb6 18.f5 e5 19.f6 gxf6 20.Nf5 Nc4 21.Bh3 Ne6 22.Nd5 
Bxd5 23.exd5 Nf4 24.Qg4 Nxh3 25.Rxh3 h5 26.Qe4 fxg5 27.Rc3 gxh4 28.b3 Qa5 
29.b4 Qd8 30.Nxe7 Qxe7 31.Bxh4 Qd7 32.Rg1 f5 33.Qe2 Qf7 34.Rcg3 Qxd5 35.
Qf2 f4 36.Qa7 Qd2+ 37.Kb1 Nxa3+ 38.Rxa3 Qxc2+ 39.Ka1 Qc7 40.Qxa6 Rb8 41.
Qa7 Qxa7 42.Rxa7 Kf8 43.Be7+ Kf7 44.Bxd6+ Ke6 45.Bxb8 Rxb8 46.Kb2 Rd8 47.
Kc2 Rc8+ 48.Kd3 Rc4 49.Rh7 Rxb4 50.Rxh5 Rd4+ 51.Ke2 Re4+ 52.Kf2 b4 53.Rh8 
Rc4 54.Rb8 Rc2+ 55.Kf3 Rb2 56.Re1 Rb3+ 57.Ke4 Rc3 58.Rb6+ Kd7 59.Rxb4 Rc5 
60.Rbb1 Ke6 61.Rec1 Ra5 62.Rc6+ Kd7 63.Rcb6 Ra8 64.Kxe5 f3 65.Rf1 1-0

[Event "25th Hoogeveen op"]
[Site "Hoogeveen NED"]
[Date "2022.10.20"]
[Round "7.14"]
[White "Van der Hagen, Loek"]
[Black "Kulkarni, Bhakti"]
[Result "0-1"]
[WhiteElo "2079"]
[BlackElo "2376"]
[EventDate "2022.10.15"]
[PlyCount "50"]

1.e4 e5 2.Nf3 Nc6 3.Bc4 Bc5 4.d3 Nf6 5.c3 d6 6.Bb3 a6 7.h3 Ba7 8.Nbd2 Ne7 
9.Nf1 Ng6 10.Ng3 O-O 11.O-O h6 12.Re1 Nh7 13.d4 Qf6 14.Bc2 Ng5 15.Nf5 exd4
16.Nxg5 dxc3 17.Nxf7 cxb2 18.N7xh6+ gxh6 19.Bb3+ Kh7 20.Qh5 Nf4 21.Bxf4 
bxa1=Q 22.Bxh6 Qxe1+ 23.Kh2 Qg6 24.Qh4 Bxf2 25.Qe7+ Rf7 0-1

[Event "25th Hoogeveen op"]
[Site "Hoogeveen NED"]
[Date "2022.10.20"]
[Round "7.15"]
[White "Mellema, Andries"]
[Black "Reulink, Fred"]
[Result "1-0"]
[WhiteElo "2155"]
[BlackElo "1983"]
[EventDate "2022.10.15"]
[PlyCount "53"]

1.e4 d5 2.exd5 Nf6 3.d4 Bg4 4.Be2 Bxe2 5.Qxe2 Qxd5 6.Nf3 Nc6 7.c4 Qe4 8.
Be3 e6 9.O-O O-O-O 10.Nc3 Qf5 11.Rfd1 Be7 12.a3 g5 13.b4 g4 14.Ne1 h5 15.
Nc2 h4 16.d5 exd5 17.cxd5 Ne5 18.Nd4 Qg6 19.Bf4 Nf3+ 20.Nxf3 gxf3 21.Qxf3 
Rh5 22.Rac1 Bd6 23.Nb5 Rf5 24.Nxd6+ Rxd6 25.Qc3 Nxd5 26.Rxd5 Rc6 27.Qh8+ 
1-0

[Event "25th Hoogeveen op"]
[Site "Hoogeveen NED"]
[Date "2022.10.20"]
[Round "7.16"]
[White "Markus, John Raymond"]
[Black "Heemskerk, Wim"]
[Result "1-0"]
[WhiteElo "2059"]
[BlackElo "2142"]
[EventDate "2022.10.15"]
[PlyCount "59"]

1.d4 Nf6 2.c4 e6 3.Nf3 b6 4.a3 Ba6 5.e3 d5 6.b3 Be7 7.Bb2 O-O 8.Nbd2 c5 9.
Bd3 Nc6 10.Qe2 cxd4 11.exd4 Rc8 12.O-O Rc7 13.Rac1 Qc8 14.c5 Bxd3 15.Qxd3 
Qb7 16.b4 b5 17.Bc3 Rb8 18.Ne5 Bd8 19.f4 Ne7 20.Rce1 Rcc8 21.g4 a5 22.g5 
Ne4 23.Nxe4 dxe4 24.Rxe4 Ra8 25.Rfe1 axb4 26.Bxb4 Ba5 27.Nxf7 Kxf7 28.Rxe6
Ng6 29.c6 Rxc6 30.Qf5+ 1-0

[Event "25th Hoogeveen op"]
[Site "Hoogeveen NED"]
[Date "2022.10.20"]
[Round "7.17"]
[White "Klaren, Duncan"]
[Black "Van Foreest, Machteld"]
[Result "0-1"]
[WhiteElo "2009"]
[BlackElo "2118"]
[EventDate "2022.10.15"]
[PlyCount "64"]

1.e4 c5 2.Nf3 e6 3.g3 Nc6 4.Bg2 Nf6 5.Qe2 Be7 6.e5 Nd5 7.O-O d6 8.exd6 
Qxd6 9.Nc3 O-O 10.Rd1 Rd8 11.Ne4 Qc7 12.c4 Nf6 13.d3 Nxe4 14.Qxe4 Bf6 15.
Bg5 Qe7 16.Bxf6 Qxf6 17.Rab1 Rb8 18.Qe3 b6 19.Nd2 Nb4 20.Ne4 Qd4 21.a3 
Nxd3 22.Rd2 Rb7 23.Qxd4 Rxd4 24.Nc3 Rbd7 25.Nb5 Rxc4 26.Bc6 Ne5 27.Nd6 Rg4
28.h3 Rg6 29.Rbd1 Nxc6 30.Nxc8 Nd4 31.Kg2 e5 32.b4 Rc6 0-1

[Event "25th Hoogeveen op"]
[Site "Hoogeveen NED"]
[Date "2022.10.20"]
[Round "7.18"]
[White "Valiente, Paulo"]
[Black "Slagboom, Leandro"]
[Result "0-1"]
[WhiteElo "1819"]
[BlackElo "2117"]
[EventDate "2022.10.15"]
[PlyCount "66"]

1.d4 d5 2.Bf4 c5 3.dxc5 e6 4.e3 Bxc5 5.c3 Nc6 6.Nf3 f6 7.Nbd2 e5 8.Bg3 
Nge7 9.Nb3 Bb6 10.h3 Be6 11.Bh2 Qd7 12.Be2 O-O 13.a4 a6 14.O-O Rfd8 15.Re1
Rac8 16.Bf1 Ng6 17.Re2 Qf7 18.Ra3 h6 19.Rd2 f5 20.Bg3 Kh8 21.Be2 f4 22.
exf4 Nxf4 23.Bf1 Rf8 24.Bxf4 Qxf4 25.Nc1 e4 26.Nd4 Nxd4 27.cxd4 Bxd4 28.
Rxd4 Qxf2+ 29.Kh2 Qf4+ 30.Kg1 Rxc1 31.Rf3 Qxf3 32.gxf3 Rxd1 33.Rxd1 Rxf3 
0-1

[Event "25th Hoogeveen op"]
[Site "Hoogeveen NED"]
[Date "2022.10.20"]
[Round "7.19"]
[White "Sevcikova, Lucia"]
[Black "Kotyk, Michael"]
[Result "1/2-1/2"]
[WhiteElo "1931"]
[BlackElo "2105"]
[EventDate "2022.10.15"]
[PlyCount "41"]

1.d4 Nf6 2.c4 e6 3.Nc3 Bb4 4.Nf3 O-O 5.Bg5 h6 6.Bh4 d6 7.a3 Bxc3+ 8.bxc3 
Nbd7 9.e3 Qe7 10.Bd3 e5 11.Nd2 b6 12.O-O Bb7 13.Re1 g5 14.Bg3 e4 15.Bc2 
Ne8 16.f4 Ng7 17.h3 Nf6 18.Bh2 Rae8 19.g4 Nd7 20.f5 h5 21.Kg2 1/2-1/2

[Event "25th Hoogeveen op"]
[Site "Hoogeveen NED"]
[Date "2022.10.20"]
[Round "7.20"]
[White "Dehn, Marcus"]
[Black "Kumar, Sanjit S"]
[Result "0-1"]
[WhiteElo "2098"]
[BlackElo "1923"]
[EventDate "2022.10.15"]
[PlyCount "58"]

1.d4 d5 2.g3 Nf6 3.Bg2 g6 4.Nh3 Bg7 5.O-O O-O 6.Nf4 c6 7.Na3 b5 8.c3 Ne4 
9.f3 Nd6 10.Nd3 f5 11.Bf4 Nd7 12.Ne5 Nxe5 13.Bxe5 Bxe5 14.dxe5 Qb6+ 15.Kh1
Nc4 16.Nxc4 bxc4 17.Rb1 Be6 18.Qd2 Rad8 19.e3 c5 20.f4 d4 21.h4 h5 22.b4 
dxc3 23.Qxc3 Rd3 24.Qe1 cxb4 25.Rxb4 Qxe3 26.Qxe3 Rxe3 27.Rb7 Kf7 28.Rxa7 
Rc8 29.Bf3 Rxf3 0-1

[Event "25th Hoogeveen op"]
[Site "Hoogeveen NED"]
[Date "2022.10.20"]
[Round "7.21"]
[White "Arabi, Osama"]
[Black "Hari, Charan Sai Kalluri"]
[Result "0-1"]
[WhiteElo "2117"]
[BlackElo "1981"]
[EventDate "2022.10.15"]
[PlyCount "78"]

1.d4 d5 2.c4 c6 3.Nc3 Nf6 4.e3 e6 5.Nf3 Nbd7 6.Be2 Bd6 7.O-O O-O 8.Qc2 Qe7
9.b3 b6 10.cxd5 exd5 11.Bb2 Bb7 12.Rfd1 Rac8 13.Bd3 Rfe8 14.a3 a5 15.a4 h6
16.h3 Kh8 17.Nh4 Qe6 18.Bf5 Qe7 19.Bd3 Qe6 20.Bf5 Qe7 21.Rac1 Rc7 22.Re1 
Ne4 23.Bxe4 Qxh4 24.Bf3 Nf6 25.Qd3 Ne4 26.Bxe4 dxe4 27.Qe2 Bc8 28.Qf1 Re6 
29.Kh1 Rg6 30.d5 Re7 31.Ne2 c5 32.Nf4 Bxf4 33.exf4 Qxf4 34.Re3 Rd6 35.Rd1 
Bb7 36.Qc4 Qxf2 37.Qc3 Rg6 38.Rg1 Bxd5 39.Ree1 e3 0-1

[Event "25th Hoogeveen op"]
[Site "Hoogeveen NED"]
[Date "2022.10.20"]
[Round "7.22"]
[White "Snuverink, Marc"]
[Black "Shakhverdian, William"]
[Result "0-1"]
[WhiteElo "1776"]
[BlackElo "2123"]
[EventDate "2022.10.15"]
[PlyCount "36"]

1.e4 e5 2.Nf3 Nc6 3.Bc4 Nf6 4.Ng5 d5 5.exd5 Na5 6.Bb5+ c6 7.dxc6 bxc6 8.
Bd3 Ng4 9.Ne4 f5 10.Ng3 Bc5 11.Bxf5 Bxf2+ 12.Ke2 Bxg3 13.Bxc8 Qd4 14.hxg3 
Qe4+ 15.Kf1 O-O+ 16.Qf3 Rxf3+ 17.gxf3 Qxf3+ 18.Kg1 Qf2# 0-1

[Event "25th Hoogeveen op"]
[Site "Hoogeveen NED"]
[Date "2022.10.20"]
[Round "7.23"]
[White "Fuhrmann, Bahne"]
[Black "Nijdam, Brian"]
[Result "1-0"]
[WhiteElo "2063"]
[BlackElo "1877"]
[EventDate "2022.10.15"]
[PlyCount "75"]

1.d4 d5 2.c4 e6 3.Nf3 a6 4.g3 dxc4 5.Ne5 c5 6.Nxc4 cxd4 7.Bg2 Nf6 8.O-O 
Be7 9.e3 O-O 10.exd4 Nc6 11.Be3 Bd7 12.Nc3 b5 13.Ne5 Rc8 14.Rc1 Nb4 15.Qb3
a5 16.a3 a4 17.Qd1 Nbd5 18.Bd2 Nxc3 19.Bxc3 Nd5 20.Bd2 Bd6 21.Qe2 f6 22.
Nxd7 Qxd7 23.Rfe1 Rxc1 24.Bxc1 Rc8 25.Bd2 Nc7 26.Ba5 e5 27.dxe5 Bxe5 28.
Rd1 Qe8 29.Rc1 Qd7 30.Bc6 Qd4 31.Bxb5 Qa7 32.Ba6 Ra8 33.Qc4+ Kh8 34.Bxc7 
Bxc7 35.Bb5 Bb6 36.Qc8+ Bd8 37.Re1 Qxf2+ 38.Kxf2 1-0

[Event "25th Hoogeveen op"]
[Site "Hoogeveen NED"]
[Date "2022.10.20"]
[Round "7.25"]
[White "Mol, Christiaan"]
[Black "Wage, Sander"]
[Result "1-0"]
[WhiteElo "1961"]
[BlackElo "1863"]
[EventDate "2022.10.15"]
[PlyCount "77"]

1.d4 Nf6 2.c4 g6 3.Nc3 Bg7 4.e4 d6 5.f3 O-O 6.Be3 c5 7.Nge2 Qa5 8.Qd2 Nc6 
9.d5 Ne5 10.Nc1 Nfd7 11.Nb3 Qd8 12.Bh6 a6 13.Bxg7 Kxg7 14.f4 Ng4 15.Be2 
Ngf6 16.g4 b5 17.g5 Ne8 18.Nd1 Nb6 19.Ne3 bxc4 20.Na5 Bd7 21.h4 Na4 22.
Nexc4 Rb8 23.b3 Nb6 24.h5 Nxc4 25.Bxc4 Nc7 26.Qc3+ Kg8 27.hxg6 fxg6 28.Nc6
Bxc6 29.dxc6+ e6 30.O-O-O Qe7 31.Rh4 Rbd8 32.Rdh1 Rf7 33.Kb1 d5 34.Bd3 
dxe4 35.Bxe4 Nd5 36.Qe5 Rg7 37.Rh6 a5 38.Bxg6 Rxg6 39.Rxg6+ 1-0

[Event "25th Hoogeveen op"]
[Site "Hoogeveen NED"]
[Date "2022.10.20"]
[Round "7.26"]
[White "Lootsma, Jan"]
[Black "Krylov, Philippe"]
[Result "1-0"]
[WhiteElo "1928"]
[BlackElo "1609"]
[EventDate "2022.10.15"]
[PlyCount "63"]

1.e4 c6 2.d4 d5 3.exd5 cxd5 4.Bd3 Nc6 5.c3 Nf6 6.h3 g6 7.Nf3 Bf5 8.Bxf5 
gxf5 9.O-O e6 10.Bf4 Ne4 11.Nbd2 Bd6 12.Ne5 Qc7 13.Re1 Rg8 14.Nxe4 fxe4 
15.Qa4 f6 16.Nxc6 bxc6 17.Bxd6 Qxd6 18.b4 a6 19.Rac1 Ra7 20.Kh1 Rag7 21.
Rg1 Qd7 22.c4 e5 23.g4 e3 24.fxe3 dxc4 25.e4 h5 26.Rxc4 hxg4 27.Qxc6 Rh7 
28.Qc8+ Qxc8 29.Rxc8+ Kf7 30.Rc7+ Kg6 31.Rxg4+ Kh6 32.Rh4+ 1-0

[Event "25th Hoogeveen op"]
[Site "Hoogeveen NED"]
[Date "2022.10.20"]
[Round "7.27"]
[White "Van T Hoff, Tom"]
[Black "Storkebaum, Ulrike"]
[Result "1-0"]
[WhiteElo "1905"]
[BlackElo "1768"]
[EventDate "2022.10.15"]
[PlyCount "33"]

1.e4 e5 2.Ne2 Nf6 3.f4 Nc6 4.fxe5 Nxe5 5.d4 Nc6 6.Ng3 d5 7.e5 Ne4 8.Nxe4 
dxe4 9.Bb5 Bd7 10.Bxc6 Bxc6 11.O-O Qd7 12.Be3 Be7 13.c4 b6 14.d5 Bb7 15.
Rxf7 O-O-O 16.Nc3 Qe8 17.Qg4+ 1-0

[Event "25th Hoogeveen op"]
[Site "Hoogeveen NED"]
[Date "2022.10.20"]
[Round "7.28"]
[White "Bommel, Peter"]
[Black "Ten Ham, John"]
[Result "0-1"]
[WhiteElo "1550"]
[BlackElo "1910"]
[EventDate "2022.10.15"]
[PlyCount "56"]

1.d4 Nf6 2.c4 g6 3.Nc3 Bg7 4.e4 d6 5.f4 O-O 6.Nf3 c5 7.d5 e6 8.Be2 exd5 9.
cxd5 Re8 10.Nd2 a6 11.a4 Nbd7 12.O-O Nf8 13.Kh1 h5 14.h3 Rb8 15.Bd3 h4 16.
Nf3 Nh5 17.Re1 c4 18.Bc2 Nd7 19.Nd4 Nc5 20.Kh2 Qf6 21.Be3 Ng3 22.e5 dxe5 
23.fxe5 Qxe5 24.Nf3 Nf1+ 25.Kh1 Nxe3 26.Qd2 Qf4 27.Nd1 Bh6 28.Nxe3 Rxe3 
0-1

[Event "25th Hoogeveen op"]
[Site "Hoogeveen NED"]
[Date "2022.10.20"]
[Round "7.29"]
[White "Niemeijer, Leon"]
[Black "Klaren, Oscar"]
[Result "0-1"]
[WhiteElo "1841"]
[BlackElo "2003"]
[EventDate "2022.10.15"]
[PlyCount "118"]

1.d4 Nf6 2.c4 c5 3.d5 e6 4.Nc3 exd5 5.cxd5 d6 6.e4 g6 7.f4 Bg7 8.Bb5+ Nfd7
9.a4 O-O 10.Nf3 Na6 11.O-O Nb4 12.Re1 a6 13.Bf1 Re8 14.Be3 Nf6 15.Bf2 Bg4 
16.Rc1 Nd7 17.h3 Bxf3 18.Qxf3 b6 19.Bc4 Ra7 20.Kh1 h6 21.g3 Kh7 22.Red1 
Ra8 23.Rd2 Rb8 24.Qg2 Qe7 25.Kh2 g5 26.Re1 Qf8 27.Qf3 f5 28.exf5 Qxf5 29.
Ne4 Ne5 30.Qe2 Nxc4 31.Qxc4 b5 32.Nxd6 bxc4 33.Nxf5 Rxe1 34.Bxe1 Nd3 35.
Nxg7 Nxe1 36.Re2 Nf3+ 37.Kg2 Nd4 38.Re7 Rxb2+ 39.Kf1 c3 40.Ne6+ Kg8 41.
Nxc5 c2 42.Re1 Rb1 43.Nd3 Rd1 44.d6 Rxd3 45.d7 Nc6 46.Ke2 Rxd7 47.Rc1 Nd4+
48.Ke3 gxf4+ 49.gxf4 Kf7 50.a5 Kf6 51.Ke4 h5 52.h4 Rd8 53.f5 Rd7 54.Rg1 
Ne2 55.Rg6+ Kf7 56.Rh6 c1=Q 57.Rh7+ Kf6 58.Rxd7 Qc6+ 59.Rd5 Nc3+ 0-1

[Event "25th Hoogeveen op"]
[Site "Hoogeveen NED"]
[Date "2022.10.20"]
[Round "7.30"]
[White "Bollaart, Jeroen"]
[Black "Zecha, Oscar"]
[Result "0-1"]
[WhiteElo "1937"]
[BlackElo "1854"]
[EventDate "2022.10.15"]
[PlyCount "80"]

1.e4 e5 2.f4 d5 3.exd5 exf4 4.Nf3 Nf6 5.Bb5+ c6 6.dxc6 Nxc6 7.d4 Bd6 8.O-O
Be6 9.c3 O-O 10.Nbd2 h6 11.Nc4 Bc7 12.Nce5 Nxe5 13.dxe5 Nd5 14.Qe2 g5 15.
Qe4 f5 16.exf6 Qxf6 17.Nd4 Bb6 18.Re1 Bf7 19.Bd2 Rad8 20.Kh1 Bxd4 21.cxd4 
Qb6 22.Qd3 Nc7 23.Ba4 Qxd4 24.Qc2 Qxd2 25.Qxc7 Bd5 26.Qc2 Bxg2+ 27.Kg1 
Qxc2 28.Bxc2 Bd5 29.Red1 Kg7 30.Rd2 Bc6 31.Rad1 Rxd2 32.Rxd2 Re8 33.Kf2 
Re3 34.Rd6 Bb5 35.Rd2 Kf6 36.a4 Bc6 37.Rd6+ Re6 38.Rd8 Ke7 39.Rd4 Rd6 40.
Rc4 Rd2+ 0-1

[Event "25th Hoogeveen op"]
[Site "Hoogeveen NED"]
[Date "2022.10.20"]
[Round "7.31"]
[White "Boersma, Jan"]
[Black "Vasse, Albert"]
[Result "1/2-1/2"]
[WhiteElo "1930"]
[BlackElo "1844"]
[EventDate "2022.10.15"]
[PlyCount "56"]

1.e4 c5 2.Nc3 Nc6 3.Bb5 g6 4.Bxc6 dxc6 5.f4 Nf6 6.Nf3 Bg7 7.O-O O-O 8.h3 
Qc7 9.d3 Bd7 10.Qe1 h6 11.Qh4 Rfe8 12.Bd2 Kf8 13.Rae1 Ng8 14.e5 e6 15.Ne4 
Qd8 16.Qf2 b6 17.g4 Qc7 18.c4 Ne7 19.Bc3 Red8 20.Nfd2 Bc8 21.Nd6 Rxd6 22.
exd6 Qxd6 23.Ne4 Qd8 24.Nf6 Nd5 25.Nh7+ Kg8 26.Bxg7 Kxg7 27.cxd5 Kxh7 28.
dxe6 Bxe6 1/2-1/2

[Event "25th Hoogeveen op"]
[Site "Hoogeveen NED"]
[Date "2022.10.20"]
[Round "7.32"]
[White "Bloem, Mark"]
[Black "Warnk, Torsten"]
[Result "1-0"]
[WhiteElo "1917"]
[BlackElo "1709"]
[EventDate "2022.10.15"]
[PlyCount "117"]

1.e4 e6 2.d4 d5 3.Nd2 c5 4.exd5 Qxd5 5.dxc5 Bxc5 6.Ngf3 Nf6 7.Bc4 Qd8 8.
O-O O-O 9.Qe2 Nc6 10.Rd1 Qc7 11.Ne4 Be7 12.Bg5 Nxe4 13.Qxe4 Kh8 14.Bd3 f5 
15.Qh4 Bxg5 16.Nxg5 h6 17.Bb5 Qe7 18.Bxc6 Qxg5 19.Qb4 Rd8 20.f4 Qf6 21.Bf3
Rg8 22.Rd3 e5 23.fxe5 Qxe5 24.Re1 Qc7 25.Re7 Qb6+ 26.Qd4 Qxd4+ 27.Rxd4 Rb8
28.Rc4 b5 29.Rcc7 Rb6 30.Bc6 a5 31.Kf2 b4 32.Ke3 Ba6 33.Kf4 Bb5 34.Bd5 Rd8
35.Be6 Rbd6 36.Bxf5 Rc6 37.Rxg7 Rxc7 38.Rxc7 Rd6 39.h4 Rd4+ 40.Be4 h5 41.
Rc5 Be2 42.Ke3 Rc4 43.Rxc4 Bxc4 44.b3 Bf7 45.Kd4 Kg7 46.c4 bxc3 47.Kxc3 
Kf6 48.Kd4 Be8 49.a3 Bd7 50.b4 axb4 51.axb4 Be8 52.Kc5 Ke5 53.Bc6 Bg6 54.
b5 Bd3 55.b6 Ba6 56.Bf3 Kf4 57.Bxh5 Kg3 58.Bf3 Kxh4 59.b7 1-0

[Event "25th Hoogeveen op"]
[Site "Hoogeveen NED"]
[Date "2022.10.20"]
[Round "7.33"]
[White "Godding, Mick"]
[Black "Aravindhan, Achyuth"]
[Result "1/2-1/2"]
[WhiteElo "1831"]
[BlackElo "1907"]
[EventDate "2022.10.15"]
[PlyCount "81"]

1.e4 c5 2.c3 d5 3.exd5 Qxd5 4.d4 Nf6 5.Nf3 Bg4 6.Be2 e6 7.h3 Bh5 8.Be3 
cxd4 9.Bxd4 Be7 10.O-O Nc6 11.Nbd2 O-O 12.Bc4 Qd7 13.g4 Bg6 14.Bb5 Qd5 15.
Bc4 Qd8 16.Nb3 Rc8 17.Qe2 Qc7 18.Bb5 Nxd4 19.Nbxd4 Nd5 20.Ne5 Nf4 21.Qe3 
Nxh3+ 22.Kg2 Bg5 23.f4 Bxf4 24.Rxf4 Nxf4+ 25.Qxf4 Qe7 26.Rf1 a6 27.Bd7 
Rcd8 28.Ba4 Qh4 29.Bb3 h5 30.Nxg6 fxg6 31.Bxe6+ Kh7 32.Qxf8 Rxf8 33.Rxf8 
hxg4 34.Rf1 Qh3+ 35.Kf2 g3+ 36.Ke1 Qh4 37.Rg1 Qh2 38.Ne2 Qf2+ 39.Kd2 g2 
40.Bd5 Qb6 41.b3 1/2-1/2

[Event "25th Hoogeveen op"]
[Site "Hoogeveen NED"]
[Date "2022.10.20"]
[Round "7.34"]
[White "Hanna-Matrr, David"]
[Black "Goudriaan, Rafael"]
[Result "0-1"]
[WhiteElo "1904"]
[BlackElo "1654"]
[EventDate "2022.10.15"]
[PlyCount "40"]

1.e4 c6 2.Nc3 d5 3.Nf3 dxe4 4.Nxe4 Nf6 5.Qe2 Nxe4 6.Qxe4 Qa5 7.Bc4 Bf5 8.
Qf4 e6 9.Ng5 Bg6 10.Bxe6 fxe6 11.Nxe6 Na6 12.Qe3 Kd7 13.O-O Re8 14.Qd4+ 
Kxe6 15.Re1+ Kf7 16.Rxe8 Kxe8 17.b3 Qc5 18.Qg4 Qe5 19.Bb2 Qxb2 20.Re1+ Kd8
0-1